Economics /5Ed (Record no. 292607)

000 -LEADER
fixed length control field 00394 a2200157 4500
001 - CONTROL NUMBER
control field 57534
020 ## - INTERNATIONAL STANDARD BOOK NUMBER
International Standard Book Number 9780071139144
082 ## - DEWEY DECIMAL CLASSIFICATION NUMBER
Classification number 330 SAM
090 ## - LOCALLY ASSIGNED LC-TYPE CALL NUMBER (OCLC); LOCAL CALL NUMBER (RLIN)
-- 35264
-- 35264
100 ## - MAIN ENTRY--PERSONAL NAME
Personal name Paul A Samuelson
-- Paul A Samuelson
245 ## - TITLE STATEMENT
Title Economics /5Ed
Statement of responsibility, etc. Paul A Samuelson
Medium English
250 ## - EDITION STATEMENT
Edition statement 5th
260 ## - PUBLICATION, DISTRIBUTION, ETC.
Place of publication, distribution, etc. USA
Name of publisher, distributor, etc. Mc graw Hill
Date of publication, distribution, etc. 1995
300 ## - PHYSICAL DESCRIPTION
Extent xxxvii 789 p
600 ## - SUBJECT ADDED ENTRY--PERSONAL NAME
Personal name William D Nordhaus
942 ## - ADDED ENTRY ELEMENTS (KOHA)
Institution code [OBSOLETE] NUST-CAE
Call number prefix 330 SAM
Holdings
Withdrawn status Lost status Damaged status Not for loan Collection code Permanent Location Current Location Date acquired Total Checkouts Full call number Barcode Date last seen Price effective from Koha item type
          College of Aeronautical Engineering (CAE) College of Aeronautical Engineering (CAE) 04/03/2017   330 SAM CAE65231 04/05/2017 04/05/2017 Book
© 2023 Central Library, National University of Sciences and Technology. All Rights Reserved.